Statistics for Most Populated Countries and Continents

Click here to take the quiz!

General Stats

  • This quiz has been taken 217 times
  • The average score is 22 of 26

Answer Stats

ContinentCountryAnswer% Correct
1,375,220,000China
99%
1,285,440,000India
98%
322,983,000United States
97%
205,727,000Brazil
94%
4,298,723,000Asia
93%
742,452,000Europe
93%
565,265,000North America
93%
146,519,759Russia
92%
406,740,000South America
92%
1,110,635,000Africa
91%
258,705,000Indonesia
89%
81,459,000Germany
89%
186,988,000Nigeria
87%
126,810,000Japan
87%
192,964,098Pakistan
86%
122,273,500Mexico
86%
66,644,000France
86%
159,995,000Bangladesh
85%
90,523,400Egypt
83%
102,904,900Philippines
78%
78,741,053Turkey
77%
65,252,552Thailand
76%
79,060,800Iran
76%
91,700,000Vietnam
74%
85,026,000DR Congo
72%
92,206,005Ethiopia
72%

Score Distribution

Percentile by Number Answered

Percent of People with Each Score

Your Score History

You have not taken this quiz